000 00843nam a2200253Ia 4500
003 OSt
005 20221005104707.0
006 a|||||r|||| 00| 0
007 ta
008 221004b |||||||| |||| 00| 0 hin d
020 _a9788185259443 (hbk)
_c300
024 _a122934
037 _b13326, 14/07/2012, Kitab Ghar
_cTextual
040 _aCRL
_cCRL
_bhin
041 _2hin
_ahin
082 _aC, 152P8
100 _aगर्ग, सी.एल.
245 0 _aभीैतिकी के चमत्कार
246 _aBhīaitikī ke chamatkāra
260 _aदिल्ली
_bविद्यार्थी प्रकाशन भारत
_c2008
300 _a248पृ0
_ccm.
942 _hC, 152P8
_cTEXL
_2cc
999 _c1013523
_d1013523